Italian Footballers A-Z - Statistics

General Stats
  • This quiz has been taken 232 times
  • The average score is 26 of 42
Answer Stats
Letter Hint Player % Correct
B Goalkeeper and the most capped Italian player in history Gianluigi Buffon
93%
C Captain of the champions at the 2020 UEFA EURO Giorgio Chiellini
86%
D Defensive midfielder who played for Roma from 2001 to 2019 Daniele De Rossi
85%
C Captain of the champions at the 2006 FIFA World Cup Fabio Cannavaro
85%
M Legendary one-club left-back who starred for AC Milan from 1985 to 2009 Paolo Maldini
85%
D Attacking midfielder who played for Juventus from 1993 to 2012 Alessandro Del Piero
84%
T Attacking midfielder who played for Roma from 1992 to 2017 Francesco Totti
84%
I Lazio player and top scorer in Europe in 2019-20 season Ciro Immobile
83%
I Striker who was nicknamed "Superpippo" Filippo Inzaghi
83%
N Centre-back who played at 1998, 2002, and 2006 FIFA World Cups Alessandro Nesta
82%
B Centre-back who played for AC Milan from 1977 to 1997 Franco Baresi
82%
G Defensive midfielder who played for AC Milan from 1999 to 2012 Gennaro Gattuso
80%
B FIFA World Player of the Year in 1993 Roberto Baggio
78%
J UEFA Men's Player of the Year in 2021 Jorginho
77%
Z Goalkeeper and the captain of the champions at 1982 FIFA World Cup Dino Zoff
76%
R Top goal scorer at 1982 FIFA World Cup Paolo Rossi
76%
P Serie A Footballer of the Year in 2012, 2013 and 2014 Andrea Pirlo
74%
Z Starting full-back of the Italian squad that won the 2006 World Cup Gianluca Zambrotta
73%
M Player whose name bears the stadium in Milan Giuseppe Meazza
73%
V Striker who scored 9 goals at the 1998 and 2002 FIFA World Cups Christian Vieri
72%
Q Serie A top goal scorer in 2018–19 season Fabio Quagliarella
67%
B Serie A Footballer of the Year in 2016 Leonardo Bonucci
65%
I Winger of the Italian squad that won the 2020 UEFA EURO Lorenzo Insigne
65%
E Left-back of the Italian squad that won the 2020 UEFA EURO Emerson
64%
L Midfielder of the Italian squad that won the 2020 UEFA EURO Manuel Locatelli
53%
R Midfielder who played at 1962, 1966, 1970, and 1974 FIFA World Cups Gianni Rivera
52%
R Top goal scorer in the history of Italian national team Gigi Riva
52%
P Starting goalkeeper at the 1994 and 1998 FIFA World Cups Gianluca Pagliuca
48%
F Left-back who played for Inter from 1960 to 1978 Giacinto Facchetti
47%
Z Best European goalkeeper in 1990 Walter Zenga
47%
V Striker who played at 1986 and 1990 FIFA World Cups Gianluca Vialli
44%
A Midfielder who played for AC Milan from 1988 to 2002 Demetrio Albertini
42%
B Right-back who played for Inter from 1979 to 1999 Giuseppe Bergomi
42%
S Centre-back who died in a car accident in 1989 Gaetano Scirea
37%
A On of the greatest Italian strikers of the late 1970s and 1980s Alessandro Altobelli
35%
T Midfielder who played for Juventus from 1975 to 1985 Marco Tardelli
35%
M Attacking midfielder who played for Inter from 1960 to 1977 Sandro Mazzola
34%
D Following his playing career became the national team manager Roberto Donadoni
33%
C Winger who played for Roma from 1973 to 1991 Bruno Conti
31%
G Centre-back who played for Juventus from 1973 to 1984 Claudio Gentile
28%
P Striker who scored two goals in the 1938 FIFA World Cup final Silvio Piola
28%
O Midfielder of the Italian squad that won the 1982 World Cup Gabriele Oriali
21%
No matching quizzes found
Score Distribution
Percent of People with Each Score
Percentile by Number Answered
Your Score History
You have not taken this quiz